01132nam a2200253 i 4500001000700000003000900007005001700016008004100033020002200074080004800096111008000144245019900224250001200423260009200435300002200527490003000549504004200579600004600621700003300667700003900700700002300739830003000762852008600792187652ES-MaACL20250804112834.0171215s2008 sp |||| | spa d a978-84-8427-656-2 a821.134.2 Rojas Zorrilla, Francisco de 1.072 aCongreso Internacional Rojas Zorrilla en su IV Centenario (d2007.cToledo)10aRojas Zorrilla en su IV centenario bCongreso Internacional (Toledo, 4-7 de octubre de 2007) / cedición cuidada por Felipe B. Pedraza Jiménez, Rafael González Cañal y Elena E. Marcello. a1ª ed. a[Cuenca] : bServicio de Publicaciones de la Universidad de Castilla-La Mancha, c2008. a820 p. ; c24 cm.1 aCorral de comedias ; v25 aIncluye referencias bibliográficas.14aRojas Zorrilla, Francisco de, d1607-16481 aPedraza Jiménez, Felipe B.1 aGonzález Cañal, Rafael,d1961-1 aMarcello, Elena E.0 aCorral de comedias ; v25 aES-MaACLjA-14150bR.151286cDEPO1dOlim: N-7150hDonación: Casa de Velázquez